| 000 | 01160nam a2200277Ia 4500 | ||
|---|---|---|---|
| 003 | GCL | ||
| 005 | 20240530101908.0 | ||
| 008 | 140319s9999 xx 000 0 ara d | ||
| 040 |
_aGCL / _cGCL |
||
| 082 | 0 | 4 |
_a916.2 _bق/أ س |
| 100 | 1 | _aالسيد السيد احمد توفيق دياب | |
| 245 | 1 | 0 |
_aالسياحة فى مصر خلال القرن التاسع عشر 1798-1882 : _bدراسة فى تاريخ مصر الاقتصادى والاجتماعى / _cالسيد السيد احمد توفيق دياب |
| 260 |
_aالقاهرة : _bالهيئة المصرية العامة للكتاب ، _c1994 |
||
| 300 |
_a167 ص ؛ _c19سم |
||
| 650 | 0 | 4 | _aالمجتمع |
| 650 | 0 | 4 | _aالرحلات |
| 650 | 0 | 4 | _aالسياحة |
| 650 | 0 | 4 | _aالمجتمع المصرى |
| 650 | 0 | 4 | _aعباس حلمى الاول 1853-1849 |
| 650 | 0 | 4 | _aمحمد سعيد 1863-1854 |
| 650 | 0 | 4 | _aاقتصاديات |
| 650 | 0 | 4 | _aمصر - الاحوال الاقتصادية |
| 650 | 0 | 4 | _aمصر - الاحوال الاجتماعية |
| 650 | 0 | 4 | _aمصر - تاريخ - العصر الحديث - عصر اسماعيل ( 1863-1879 م ) |
| 942 |
_2ddc _cBK |
||
| 999 |
_c28534 _d28534 |
||